Statistics for 150 Historical Figures

Click here to take the quiz!

General Stats

  • This quiz has been taken 72 times
    (34 since last reset)
  • The average score is 102 of 150

Answer Stats

HintHintAnswer% Correct
Central figure of Christianity6/4 BC - 30/33 ADJesus
100%
Roman general, killed on the Ides of March100 - 44 BCJulius Caesar
100%
Fuehrer of Nazi Germany, dictator in World War II1889 - 1945Adolf Hitler
97%
German Jewish girl who kept a diary in which she documented life in hiding under Nazi persecution1929 - 1945Anne Frank
97%
The "king of rock and roll"1935 - 1977Elvis Presley
97%
First U.S President1732 - 1799George Washington
97%
Philosopher, wrote the "Communist Manifesto"1818 - 1883Karl Marx
97%
Italian artist and polymath, painted the "Mona Lisa"1452 - 1519Leonardo da Vinci
97%
First female Prime Minister of the United Kingdom1925 - 2013Margaret Thatcher
97%
Gave the "I Have a Dream" speech1929 - 1968Martin Luther King Jr
97%
Founder of Islam571 - 632Muhammad
97%
French Emperor, 1804-18151769 - 1821Napoleon
97%
First man on the moon1930 - 2012Neil Armstrong
97%
First president of South Africa, brought peace to a racially divided country and led the fight for human rights1918 - 2013Nelson Mandela
97%
Virgin Queen of England1533 - 1603Queen Elizabeth I
97%
Led the effort to create the first practical light bulb1847 - 1931Thomas Edison
97%
First Soviet leader1870 - 1924Vladimir Lenin
97%
English poet, wrote "Hamlet"1564 - 1616William Shakespeare
97%
U.K. Prime Minister during WWII1874 - 1965Winston Churchill
97%
U.S Civil War President1809 - 1865Abraham Lincoln
93%
Theoretical physicist, creator (more accurately proposer or discoverer) of the Theory of Relativity1879 - 1955Albert Einstein
93%
Italian dictator and journalist, founded the National Fascist Party1883 - 1945Benito Mussolini
93%
English naturalist, wrote "On the Origin of Species"1809 - 1882Charles Darwin
93%
Italian explorer who "discovered" the New World1451 - 1506Christopher Columbus
93%
Queen of Egypt, last active ruler51 - 30 BCCleopatra
93%
French woman who led troops in the Hundred Years War1412 - 1431Joan of Arc
93%
35th U.S president, Cuban Missile Crisis1917 - 1963John F. Kennedy
93%
Premier of the USSR, involved in World War II1878 - 1953Joseph Stalin
93%
American jazz trumpeter, regarded as one of the most influential figures in the history of jazz1901 - 1971Louis Armstrong
93%
German pianist and composer of "Moonlight Sonata"1770 - 1827Ludwig Van Beethoven
93%
Started the Protestant Reformation1483 - 1546Martin Luther
93%
Greek philosopher, wrote "The Republic"428 - 348 B.CPlato
93%
Queen of Britain, Victorian era1819 - 1901Queen Victoria
93%
American Founding Father, 3rd U.S. President1743 - 1826Thomas Jefferson
93%
Austrian composer, wrote "Don Giovanni"1756 - 1791Wolfgang Amadeus Mozart
93%
King of ancient Greek who conquered Persia356 - 323 BCAlexander the Great
90%
Cuban revolutionary, who served as Cuba's Prime Minister1926 - 2016Fidel Castro
90%
32nd U.S President during the Great Depression and World War II1882 - 1945Franklin D. Roosevelt
90%
Founder of the Mongol Empire1162 - 1227Genghis Khan
90%
English mathmatician, physicist and astronomer, his laws of motion explain how the planets move1643 - 1727Isaac Newton
90%
English singer, member of The Beatles, assassinated by a fan1940 - 1980John Lennon
90%
Father of the nation of India1869 - 1948Mahatma Gandhi
90%
American singer, became known as the "King of Pop"1958 - 2009Michael Jackson
90%
Antepenultimate pharaoh of ancient Egypt, his tomb was the only royal burial found intact in modern times1332 - 1323 BCETutankhamun
90%
American entrepeneur, founder of The Walt Disney Company1901 - 1966Walt Disney
90%
English writer, wrote "Great Expectations"1812 - 1870Charles Dickens
86%
Founder of Ford Motor Company1863 - 1947Henry Ford
86%
Supposedly wrote "The Iliad"8th century BCHomer
86%
American Founding Father and 2nd U.S President1735 - 1826John Adams
86%
Chinese president, his "Great Leap Forward" killed over 30 million1893 - 1976Mao Zedong
86%
American actress and model, known for playing comic "blonde bombshell" characters1926 - 1962Marilyn Monroe
86%
Saudi-Arabian terrorist, caused the attacks of 9/111957 - 2011Osama Bin Laden
86%
Member of the British royal family, died in a car crash1961 - 1997Princess Diana
86%
Greek philosopher and teacher, sentenced to death by hemlock470 – 399 BCSocrates
86%
Co-founder and CEO of Apple, chairman and majority shareholder of Pixar1955 - 2011Steve Jobs
86%
26th U.S President, Progressive Movement1858 - 1919Theodore Roosevelt
86%
Post-impressionist painter, painted "Starry Night"1853 - 1890Vincent Van Gogh
86%
American writer, wrote "The Raven"1809 - 1849Edgar Allan Poe
83%
British singer and lead vocalist of rock band "Queen"1946 - 1991Freddie Mercury
83%
Carthaginian general, led his elephants across the Alps247 - 181 BCHannibal
83%
King of England, had six wives1491 - 1547Henry VIII
83%
Creator of psychoanalysis1856 - 1939Sigmund Freud
83%
Greek philosopher and polymath384 - 322 BCAristotle
79%
Italian physicist and astronomer1564 - 1642Galileo Galilei
79%
33rd U.S. President, ordered the dropping of the Atomic bombs1884 - 1972Harry S. Truman
79%
Japanese Emperor during World War II1926 - 1989Hirohito
79%
Explorer and discoverer of Hawaii and Australia1728 - 1779James Cook
79%
American professional boxer, nicknamed "The Greatest"1942 - 2016Muhammad Ali
79%
Last Russian Emperor, executed during Russian revolution1868 - 1918Nicholas II
79%
Spanish painter, painted "Guernica"1881 - 1973Pablo Picasso
79%
Brazilian football player, regarded as the greatest of his time1940 - 2022Pele
79%
Occupied an iconic status in the civil rights movement for refusing to give up her bus seat1913 - 2005Rosa Parks
79%
American Founding Father, scientist, captured lightning1706 - 1790Benjamin Franklin
76%
Jamaican singer and songwriter, considered one of the pioneers of reggae1645 - 1981Bob Marley
76%
Polish-born physicist and chemist, had groundbreaking research on radioactivity1867 - 1934Marie Curie
76%
Called the "Liberator" of Latin America1783 - 1830Simón Bolívar
76%
First Holy Roman Emperor, considered the "Father of Europe"768 - 814Charlemagne
72%
Founder and former president and CEO of Amazon, the world's largest cloud computing company1964 - ALIVEJeff Bezos
72%
German inventor, invented the mechanical printing press1406 - 1468Johannes Gutenberg
72%
German composer of the late Baroque period.1685 - 1750Johann Sebastian Bach
72%
American author, wrote "Huckleberry Finn"1835 - 1910Mark Twain
72%
Final leader of the Soviet Union, allowed freedom to Eastern Europe countries, awarded Nobel Peace Prize1931 - 2022Mikhail Gorbachev
72%
Serbian-American inventor, discovered alternating current1856 - 1943Nikola Tesla
72%
Lord Protector of England, involved in the English Civil War1599 - 1658Oliver Cromwell
72%
Russian controversial figure who gained influence in the court of Tsar Nicholas II and his family1869 - 1916Rasputin
72%
Fastest man of all time1986 - ALIVEUsain Bolt
72%
Chinese philosopher known as the first teacher in China who wanted to make education broadly available551 - 479 BCConfucius
69%
Spanish military general during the Spanish Civil War and ruled over Spain as a dictator1892 - 1975Francisco Franco
69%
German philosopher, "God is Dead"1844 - 1900Friedrich Nietzsche
69%
British officer, battle of Trafalgar admiral1758 - 1805Horatio Nelson
69%
English novelist, wrote "Pride and Prejudice"1775 - 1817Jane Austen
69%
Most successful swimmer in history1985 - ALIVEMichael Phelps
69%
Cambodian political leader, who caused the "Cambodian genocide"1925 - 1998Pol Pot
69%
Scottish inventor, invented the telephone1847 - 1922Alexander Graham Bell
66%
Founded software giant Microsoft1955 - ALIVEBill Gates
66%
American actor and retired professional wrestler "The Rock"1972 - ALIVEDwayne Johnson
66%
Mexican painter known for her self-portraits, pain and passion, and bold, vibrant colors1907 - 1954Frida Kahlo
66%
Hong Kong actor, filmmaker and martial artist, known for his slapstick acrobatic fighting style1954 - ALIVEJackie Chan
66%
Founded the Missionaries of Charity in India in 19501910 - 1997Mother Teresa
66%
Astronomer, theorized a heliocentric cosmology1473 - 1543Nicolaus Copernicus
66%
Scottish economist, wrote "On the Wealth of Nations"1723 - 1790Adam Smith
62%
American criminal and cult leader whose followers carried out several murders in the late 1960s1960 - 1994Charles Manson
62%
Founder and CEO of SpaceX, product architect of Tesla1971 - ALIVEElon Musk
62%
Argentine professional football player widely regarded as one of the greatest footballers of all time1987 - ALIVELionel Messi
62%
King of France, executed in the French Revolution1754 - 1793Louis XVI
62%
French philosopher, coined the term "I think, therefore I am" (cogito ergo sum)1596 - 1650René Descartes
62%
French Enlightenment philosopher, wrote "Candide"1694 - 1778Voltaire
62%
English king, lost the American colonies and went mad1738 - 1820George III
59%
Widely regarded as one of the greatest basketball players of all time1963 - ALIVEMichael Jordan
59%
Colombian drug lord and one of the most notorious criminals in history1949 - 1993Pablo Escobar
59%
King of England, Norman Conquest1028 -1087William the Conqueror
59%
4th U.S President, involved in War of 18121751 - 1836James Madison
55%
First ruling queen of England and attempted to restore the Catholic faith1516 - 1558Mary I
55%
One of the greatest heavyweight boxers of all time1966 - ALIVEMike Tyson
55%
First Chancellor and unifier of modern Germany1815 - 1898Otto von Bismarck
55%
American singer and actor, nicknamed the "Chairman of the Board"1915 - 1998Frank Sinatra
52%
Canadian actor "John Wick"1964 - ALIVEKeanu Reeves
52%
After escaping slavery and using the Underground Railroad, she rescued many enslaved people1822 - 1913Harriet Tubman
48%
One of the most influential and controversial figures of the French Revolution1758 - 1794Maximilien Robespierre
48%
Greatest writer in the Spanish language1547 - 1616Miguel De Cervantes
48%
King of England, involved in the English Civil War1600 - 1649Charles I
45%
U.S general, served in both World Wars1880 - 1964Douglas MacArthur
45%
King of Spain, organized the Spanish Armada1527 - 1598Phillip II
45%
Last German emperor and king of Prussia1859 - 1941Wilhelm II
41%
German philosopher, one of the central Enlightenment thinkers1724 - 1804Immanuel Kant
38%
King of England, responsible for the KJV Bible1566 - 1625James I
38%
Greek mathematician, contributed to the mathematical constant pi (π)287 - 212 BCArchimedes
34%
American singer, widely regarded as one of the greatest musicians of his generation1958 - 2016Prince
31%
Spanish painter, painted "Las Meninas"1599 - 1660Diego Velázquez
28%
American actor, known for his distinctive deep voice and various roles in a wide variety of film genres1937 - ALIVEMorgan Freeman
24%
First emperor of Rome, Pax Romana63 BC - 14 ADAugustus Caesar
21%
Emperor of Rome, allowed toleration of Christianity272 - 337 ADConstantine the Great
21%
American writer and professor of biochemistry, considered one of the "Big Three" science fiction writers1920 - 1992Isaac Asimov
21%
American singer, songwriter, and actor, played Chef on "South Park"1942 - 2008Isaac Hayes
21%
Early Christian leader64 - 68 ADSaint Peter
21%
Chinese military general who never lost a battle771 - 256 BCSun Tzu
21%
Swedish biologist, father of Taxonomy1707 - 1778Carl Linnaeus
17%
Spanish poet, murdered by Nationalist forces1898 - 1936Federico García Lorca
17%
Most prolific serial killer in modern day by abusing his powers as a doctor1946 - 2004Harold Shipman
17%
Central figure of Buddhism564 BCGuatama Buddha
14%
Philosopher, wrote "On the Social Contract"1712 - 1778Jean-Jacques Rousseau
14%
Christian apostle and missionary5 - 65 ADPaul the Apostle
14%
American activist, author and chief philosopher of the woman's rights and suffrage movements1815 -1902Elizabeth Cady Stanton
10%
English Enlightenment philosopher, theorized "tabla rasa"1632 - 1704John Locke
10%
Australian operatic soprano and one of the most influential opera singers of the 20th century1926 - 2010Joan Sutherland
7%
American religious leader and the founder of Mormonism1805 - 1844Joseph Smith Jr
7%
Alsatian polymath, gave lectures in Europe to fundraise for his hospital back in Africa1875 - 1965Albert Schweitzer
3%
Last queen of France before the French revolution, and was executed during it1755 - 1793María Antonieta
0%
Founded the social media website Facebook1984 - ALIVEMark Zuckerbeg
0%
Italian sculptor and Renaissance man, sculpted "David"1475 - 1564Miguel Ángel
0%

Score Distribution

Percentile by Number Answered

Percent of People with Each Score

Your Score History

You have not taken this quiz since the last reset